[Event "ESP-ch U10"]
[Site "Salobrena Granada"]
[Date "2017.07.08"]
[Round "9"]
[White "Villanueva Marquez, Santiago"]
[Black "Otero Campos, Sofia"]
[Result "0-1"]
[WhiteElo "1517"]
[BlackElo "1087"]
[PlyCount "124"]
[EventDate "2017.07.03"]
[EventType "swiss"]
[EventRounds "9"]
[EventCountry "ESP"]
[SourceTitle "EXT 2024"]
[Source "ChessBase"]
[SourceDate "2023.10.10"]
[SourceVersion "1"]
[SourceVersionDate "2023.10.10"]
[SourceQuality "1"]

1. c4 c6 2. d4 d5 3. e3 Bf5 4. Nc3 Nf6 5. Nf3 e6 6. Bd2 Be7 7. Rc1 Nbd7 8. Be2 0-0 9. 0-0 h6 10. a3 Rc8 11. Na2 Qb6 12. b4 Ne4 13. c5 Qd8 14. Nc3 Nxd2 15. Nxd2 e5 16. dxe5 Nxe5 17. Nf3 Nxf3+ 18. Bxf3 b6 19. cxb6 axb6 20. Ne2 Bf6 21. Ng3 Bg6 22. Be2 Bb2 23. f4 Bxc1 24. Qxc1 f6 25. Bh5 Bxh5 26. Nxh5 Qe8 27. g4 Qg6 28. h3 f5 29. Qd1 fxg4 30. hxg4 Rfe8 31. f5 Qg5 32. Rf4 Rxe3 33. Qd4 Rce8 34. Qxb6 Re1+ 35. Kg2 Qh4 36. Ng3 R8e3 37. Rf3 Rg1+ 38. Kxg1 Rxf3 39. Qb8+ Kh7 40. Kg2 Rxa3 41. Qd6 Rxg3+ 42. Qxg3 Qxg3+ 43. Kxg3 Kg8 44. Kf4 Kf7 45. Ke5 Ke7 46. Kd4 Kd6 47. Kd3 Ke5 48. Ke3 d4+ 49. Kd3 Kd5 50. Ke2 Ke4 51. Kd2 d3 52. Kd1 Ke3 53. Ke1 d2+ 54. Kd1 Kd4 55. Kxd2 Kc4 56. Kc2 Kxb4 57. Kb2 c5 58. Kc2 c4 59. Kb2 c3+ 60. Kc2 Kc4 61. Kd1 Kd3 62. Kc1 c2 0-1

[Event "ESP-ch U10"]
[Site "Salobrena Granada"]
[Date "2017.07.07"]
[Round "7"]
[White "Villanueva Marquez, Santiago"]
[Black "Del Prado Rodriguez, Xulio"]
[Result "1/2-1/2"]
[WhiteElo "1517"]
[BlackElo "1444"]
[PlyCount "121"]
[EventDate "2017.07.03"]
[EventType "swiss"]
[EventRounds "9"]
[EventCountry "ESP"]
[SourceTitle "EXT 2024"]
[Source "ChessBase"]
[SourceDate "2023.10.10"]
[SourceVersion "1"]
[SourceVersionDate "2023.10.10"]
[SourceQuality "1"]

1. c4 Nf6 2. d4 g6 3. Nc3 Bg7 4. g3 0-0 5. Bg2 d6 6. e3 Nbd7 7. Nge2 e5 8. 0-0 Re8 9. Re1 e4 10. Qc2 Qe7 11. Nf4 c6 12. a3 a5 13. Rb1 Nf8 14. Bd2 h5 15. d5 c5 16. Na4 Ra6 17. b4 axb4 18. axb4 Bd7 19. b5 Ra7 20. Bc3 N8h7 21. h4 g5 22. hxg5 Nxg5 23. Nb6 Bg4 24. Qb2 Nf3+ 25. Kh1 Nxe1 26. Rxe1 Bf3 27. Rg1 Kh7 28. Bxf3 exf3 29. Nh3 Ng4 30. Bxg7 f6 31. Bxf6 Qxf6 32. Qc2+ Qg6 33. Qd1 Qf5 34. e4 Rxe4 35. Qb1 Kg6 36. Nc8 Qxc8 37. Qxe4+ Qf5 38. Qe6+ Qxe6 39. dxe6 Kf6 40. Re1 b6 41. Kg1 Ke7 42. Nf4 Ra2 43. Nd5+ Ke8 44. e7 Ne5 45. Nxb6 Kxe7 46. Nd5+ Kd7 47. Rb1 Kc8 48. Ne7+ Kb7 49. Rc1 Nd3 50. Rf1 Rc2 51. Nf5 Kc7 52. b6+ Kxb6 53. Nxd6 Kc6 54. Nf7 Rxc4 55. Rd1 Rc1 56. Rxc1 Nxc1 57. Ne5+ Kd5 58. Nxf3 c4 59. Kg2 c3 60. Ne1 c2 61. g4 1/2-1/2

[Event "ESP-ch U10"]
[Site "Salobrena Granada"]
[Date "2017.07.05"]
[Round "4"]
[White "Villanueva Marquez, Santiago"]
[Black "Macias Pino, Diego"]
[Result "1-0"]
[WhiteElo "1517"]
[BlackElo "1746"]
[PlyCount "107"]
[EventDate "2017.07.03"]
[EventType "swiss"]
[EventRounds "9"]
[EventCountry "ESP"]
[SourceTitle "EXT 2024"]
[Source "ChessBase"]
[SourceDate "2023.10.10"]
[SourceVersion "1"]
[SourceVersionDate "2023.10.10"]
[SourceQuality "1"]

1. c4 Nf6 2. d4 e6 3. Nc3 d5 4. e3 Be7 5. Nf3 0-0 6. Be2 b6 7. 0-0 Nbd7 8. Bd2 Bb7 9. Rc1 dxc4 10. Bxc4 c5 11. Qe2 cxd4 12. exd4 Nb8 13. Rfe1 Nd5 14. a3 Re8 15. Ne5 Nxc3 16. Bxc3 Bd5 17. Bd3 g6 18. Bd2 Nd7 19. Nxd7 Qxd7 20. Bb5 Qb7 21. Bxe8 Rxe8 22. Bh6 Bf6 23. Qc2 Bxg2 24. Qc7 Qd5 25. Qc4 Qa8 26. Rcd1 Rc8 27. Qxc8+ Qxc8 28. Kxg2 Qc6+ 29. d5 exd5 30. Rc1 Qd7 31. h3 Bg7 32. Rc7 Qd8 33. Rce7 Bxh6 34. Re8+ Qxe8 35. Rxe8+ Bf8 36. Ra8 Kg7 37. Rxa7 Kf6 38. Kf3 Bc5 39. Ra6 Ke5 40. a4 d4 41. Ke2 f5 42. a5 bxa5 43. Rxa5 Kd6 44. f3 Bb6 45. Ra8 Ke7 46. Rh8 h5 47. Rc8 Kf7 48. Rc6 Bd8 49. Kd3 Bf6 50. b4 g5 51. b5 Be5 52. b6 g4 53. hxg4 hxg4 54. fxg4 1-0